Žilina - Evang. kostol

Zobrazenie: Pohľad v bielom orámovaní na Evanjelický kostol s rôznymi stromami na trávnatej ploche pred ním. V popredí vidno križovatku dvoch ulíc okolo kostola

Bibliographic Details
Format: Postcard
Language:Slovak
PhysicalDescription:1 pohľadnica čiernobiela 14 x 9 cm
Published: [Bratislava] Slovakotour 1947
Subjects:

MARC

LEADER 00000nkm a2200000 a 4500
001 vtls011981334
003 SK-MaSNL
005 20260512124340.0
007 kp bo
008 231120s1947 xo g kuslo
015 |a SNBG1947 
035 |a urn:nbn:sk:snk-km00eigs 
035 |a urn:nbn:sk:snk-km45x0c 
035 |a 87C48FCF-92C7-4E81-9D10-DEE65951E277 
040 |a SNK  |b slo  |c SNK  |e AACR2 
041 0 |a slo 
043 |a e-xo--- 
044 |a xo  |c SK 
072 7 |a 913  |x Regionálna geografia  |2 konspekt 
080 |a 913(437.6)  |2 2011 
080 |a 27‑523.42:274.5(439.22)  |2 2011 
080 |a (084.121)  |2 2011 
080 |a 711.73  |2 2011 
245 0 0 |a Žilina - Evang. kostol  |h grafika 
260 |a [Bratislava]  |b Slovakotour  |c 1947  |e [Bratislava]  |f Kriváň 
300 |a 1 pohľadnica  |b čiernobiela  |c 14 x 9 cm 
500 |a Na adresnej časti pohľadnice, v známkovom poli je uvedené: "Časospol" 
520 8 |a Zobrazenie: Pohľad v bielom orámovaní na Evanjelický kostol s rôznymi stromami na trávnatej ploche pred ním. V popredí vidno križovatku dvoch ulíc okolo kostola 
610 2 7 |a Evanjelický kostol (Žilina, Slovensko)  |2 SNKKA  |9 198616 
650 0 7 |a evanjelické kostoly  |2 SNKPH  |9 86148 
650 0 7 |a ulice  |2 SNKPH  |9 2938 
651 7 |a Žilina (Slovensko)  |2 SNKPHgeo  |9 28812 
655 7 |a miestne pohľadnice  |2 SNKPH  |9 70510 
852 |a Slovenská národná knižnica 
954 |a pohľadnice pôvodné (slovenské)  |2 lita 
958 |a GC 
958 |a GBN 
958 |a OND 
958 |a EUIPO 
999 |c 866939  |d 868869 
952 |a SNK  |b SNK  |y PREZ  |7 0  |p 17A1286473  |o snkSP 118324  |0 0  |1 0  |4 0  |d 2020-07-13  |f 1  |l 0  |r 2026-02-24 05:30:30  |w 2026-02-24